Catálogo
 En Linea

Enriquillo / (Registro nro. 30477)

Detalles MARC
000 -CABECERA
campo de control de longitud fija 00986nam a2200265 a 4500
001 - NÚMERO DE CONTROL
campo de control 000030985
005 - FECHA Y HORA DE LA ÚLTIMA TRANSACCIÓN
campo de control 20240412074255.0
008 - DATOS DE LONGITUD FIJA--INFORMACIÓN GENERAL
campo de control de longitud fija 110609s1998 dr 000 0 spa d
040 ## - FUENTE DE LA CATALOGACIÓN
Centro catalogador/agencia de origen DO-SdBNP
Lengua de catalogación spa
Centro/agencia transcriptor BNPHU
082 ## - NÚMERO DE LA CLASIFICACIÓN DECIMAL DEWEY
Número de clasificación RD863.3
Número de documento/Ítem G182e, 1998
100 1# - ENTRADA PRINCIPAL--NOMBRE DE PERSONA
Nombre de persona Galván, Manuel de J.
Forma completa/desarrollada del nombre (Manuel de Jesús)
Fechas asociadas al nombre 1834-1910
9 (RLIN) 28507
240 #0 - TÍTULO UNIFORME
Título uniforme Enriquillo : leyenda histórica dominicana (1503-1538)
245 10 - MENCIÓN DE TÍTULO
Título Enriquillo /
Mención de responsabilidad, etc. Manuel de Jesús Galván.
250 ## - MENCIÓN DE EDICIÓN
Mención de edición Edición escolar
260 ## - PUBLICACIÓN, DISTRIBUCIÓN, ETC.
Lugar de publicación, distribución, etc. Santo Domingo :
Nombre del editor, distribuidor, etc. Publicaciones América,
Fecha de publicación, distribución, etc. 1998.
300 ## - DESCRIPCIÓN FÍSICA
Extensión 120 p. ;
Dimensiones 22 cm.
490 1# - MENCIÓN DE SERIE
Mención de serie Breviarios Dominicanos
590 ## - NOTA LOCAL (RLIN)
Nota local Inventariado, 2019 / DG
600 #0 - PUNTO DE ACCESO ADICIONAL DE MATERIA--NOMBRE DE PERSONA
Nombre de persona ENRIQUILLO
Títulos y otros términos asociados al nombre CACIQUE
Fechas asociadas al nombre ¿-1535
9 (RLIN) 14941
650 #0 - PUNTO DE ACCESO ADICIONAL DE MATERIA--TÉRMINO DE MATERIA
Término de materia o nombre geográfico como elemento de entrada Novela histórica dominicana.
9 (RLIN) 860
650 #0 - PUNTO DE ACCESO ADICIONAL DE MATERIA--TÉRMINO DE MATERIA
Término de materia o nombre geográfico como elemento de entrada Literatura dominicana.
9 (RLIN) 67
651 #4 - PUNTO DE ACCESO ADICIONAL DE MATERIA--NOMBRE GEOGRÁFICO
Nombre geográfico República Dominicana
Subdivisión general Hisoria
Subdivisión cronológica 1503-1538
9 (RLIN) 28508
830 00 - PUNTO DE ACCESO ADICIONAL DE SERIE-TÍTULO UNIFORME
Título uniforme Breviarios Dominicanos (República Dominicana)
9 (RLIN) 57501
910 ## - DATOS DE OPCIÓN DEL USUARIO (OCLC)
Datos de opción del usuario Validado. Control de calidad. MMOLINA
Existencias
Estado de retiro Estado de pérdida No para préstamo Código de colección Localización permanente Ubicación/localización actual Ubicación en estantería Fecha de adquisición Número de inventario Total de préstamos Signatura topográfica completa Código de barras Fecha visto por última vez Precio válido a partir de Tipo de ítem Koha
    Excluido de préstamo Patrimonio Dominicano Patrimonio Dominicano Patrimonio Dominicano Depósito 09.06.2011 LF1   RD863.3 G182e, 1998 30985-10 25.06.2020 25.06.2020 Libro y Folleto Colección Patrimonio Dominicano

Con tecnología Koha